Electoral systems: (Record no. 152819)

MARC details
000 -LEADER
fixed length control field 00484nam a22001697a 4500
005 - DATE AND TIME OF LATEST TRANSACTION
control field 20180620110322.0
010 ## - LCCN (DPL NO)
LC control number ENG-123257
020 ## - INTERNATIONAL STANDARD BOOK NUMBER
International Standard Book Number 9789382359531
Terms of availability 300.00
035 ## - SYSTEM CONTROL NUMBER
System control number EN-106789
037 ## - SOURCE OF ACQUISITION
Source of stock number/acquisition DBAD/PUB
082 ## - DEWEY DECIMAL CLASSIFICATION NUMBER
Classification number 324.954
100 ## - MAIN ENTRY--PERSONAL NAME
Personal name Raj, M. C.
245 ## - TITLE STATEMENT
Title Electoral systems:
Statement of responsibility, etc by M. C. Raj
Remainder of title proportional representation system for India /
260 ## - PUBLICATION, DISTRIBUTION, ETC. (IMPRINT)
Place of publication, distribution, etc Bangalor
Name of publisher, distributor, etc Green Ink
Date of publication, distribution, etc 2013
300 ## - PHYSICAL DESCRIPTION
Extent 235p.
Dimensions 20cm(pbk)
942 ## - ADDED ENTRY ELEMENTS (KOHA)
Source of classification or shelving scheme Dewey Decimal Classification
Item type English Books
Call number suffix RAJ
Classification part 324.954
Holdings
Withdrawn status Lost status Not for loan Collection code Home library Current library Date acquired Source of acquisition Cost, normal purchase price Full call number Barcode Copy number Cost, replacement price Koha item type
    Not For Loan Non-fiction D.B.Act.Division Patel Nagar 19/06/2018 DBAD/PUB 300.00 324.954 RAJ EN-106789 1 300.00 English Books

© Delhi Public Library
Hit Counter
free hit counter